000 00269nam a22001217a 4500
008 181020b xxu||||| |||| 00| 0 eng d
041 _aeng
080 _a541
100 _a12
101 _aKIM
245 _aMendelian Inheritance in Man
_cKusick, V.A
942 _2udc
_cBK
999 _c50313
_d50313